Minding the Brain : A Guide to Philosophy and Neuroscience /

Bibliographic Details
Main Author: Northoff, Georg
Format: Book
Published: Basingstoke: Palgrave Macmillan, 2014.
Subjects:
LEADER 00701cam a2200217 7i4500
001 0000016454
005 20151104090000.0
005 ##20151104120100.0
003 ##MY-KlINT
020 # # |a 9780230283541  
039 # 9 |y 201511041201  |z VLOAD 
090 0 0 |a 128.2   |b NOR 
100 1 # |a Northoff, Georg 
245 1 0 |a Minding the Brain :   |b A Guide to Philosophy and Neuroscience /   |c Georg Northoff. 
260 # # |a Basingstoke:   |b Palgrave Macmillan,   |c 2014. 
300 # # |a xi, 581p:   |b ill;   |c 24cm. 
500 # # |a Includes bibliographical references and index 
650 # 0 |a Consciousness  
650 # 0 |a Mind-brain identity theory  
650 # 0 |a Neurosciences --   |x Philosophy  
999 |a 1501069956  |b BOOK  |c Main Non-Fiction  |e INTAN BK